000 00303nam a22001337a 4500
008 170831b xxu||||| |||| 00| 0 eng d
020 _a9780023937804
041 _aeng
080 _26 ED
_a070
100 _a40
101 _aMED
245 _aMASS MEDIA IN AMERICA
_cPEMBER.D.R
942 _2udc
_cBK
999 _c25822
_d25822